000 00694nam a2200265Ia 4500
008 160803s9999 xx 000 0 und d
020 _a0 590108964
100 _aHenkes, Kevin
245 _aJulius, the baby of the world /
245 _cby Kevin Henkes.
260 _aNew York :
260 _bScholastic Inc.
260 _c1990
300 _a30 unnumbered pages :
300 _bcolor illustrations ;
300 _c26 cm
500 _aOriginally published : New York : Greenwillow Books, c1990.
650 _aBabies --
650 _aBrothers and sisters --
650 _aMice --
650 _xFiction.
650 _xFiction.
650 _xFiction.
700 _a460
999 _c298897
_d298897